[Event "Bulgaria ch 2009"]
[Site "Blagoevgrad BUL"]
[Date "2009.02.15"]
[Round "5.2"]
[White "Vutov, M  Mario"]
[Black "Enchev, Ivajlo"]
[Result "1/2-1/2"]
[WhiteElo "2262"]
[BlackElo "2382"]
[PlyCount "79"]
[EventDate "2009.02.12"]
[EventType "tourn"]
[EventRounds "13"]
[EventCountry "BUL"]
[EventCategory "8"]
[Source "lmi"]
[SourceDate "2009.02.12"]

1. e4 c5 2. Nf3 d6 3. d4 cxd4 4. Nxd4 Nf6 5. Nc3 a6 6. Be2 e5 7. Nb3 Be7 8. O-O
O-O 9. a4 Qc7 10. f4 Be6 11. Kh1 Nbd7 12. a5 Rac8 13. f5 Bc4 14. Ra4 Bxb3 15.
cxb3 Nc5 16. Rc4 b5 17. axb6 Qxb6 18. Bg5 Qxb3 19. Qxb3 Nxb3 20. Rxc8 Rxc8 21.
Bxf6 Bxf6 22. Bxa6 Rb8 23. Rf2 Bg5 24. g3 Nd4 25. Nd5 Bc1 26. b4 Ba3 27. b5 Bc5
28. Rb2 Bb6 29. Kg2 f6 30. Bc8 Kf7 31. Bd7 Rb7 32. Bc6 Rb8 33. Bd7 Rb7 34. Bc6
Rb8 35. Nb4 Bc5 36. Bd5+ Kf8 37. Nc6 Rxb5 38. Ra2 Nxc6 39. Bxc6 Rb8 40. Ba8
1/2-1/2

[Event "Bulgaria ch 2009"]
[Site "Blagoevgrad BUL"]
[Date "2009.02.15"]
[Round "5.3"]
[White "Arnaudov, G  Petar"]
[Black "Rusev, Krasimir"]
[Result "1/2-1/2"]
[WhiteElo "2347"]
[BlackElo "2546"]
[PlyCount "45"]
[EventDate "2009.02.12"]
[EventType "tourn"]
[EventRounds "13"]
[EventCountry "BUL"]
[EventCategory "8"]
[Source "lmi"]
[SourceDate "2009.02.12"]

1. e4 c5 2. Nf3 d6 3. d4 Nf6 4. Nc3 cxd4 5. Nxd4 Nc6 6. Bg5 Bd7 7. Qd2 Rc8 8.
f4 Nxd4 9. Qxd4 Qa5 10. e5 dxe5 11. fxe5 e6 12. O-O-O Rxc3 13. Bd2 Rxc2+ 14.
Kxc2 Qxa2 15. exf6 Ba4+ 16. Kd3 Qb3+ 17. Qc3 Qb5+ 18. Ke3 Bc5+ 19. Kf4 Bd6+ 20.
Ke3 Bc5+ 21. Kf4 Bd6+ 22. Ke3 Bc5+ 23. Kf4 1/2-1/2

[Event "Bulgaria ch 2009"]
[Site "Blagoevgrad BUL"]
[Date "2009.02.15"]
[Round "5.5"]
[White "Nikolov, Momchil"]
[Black "Lilov, Valeri"]
[Result "1-0"]
[WhiteElo "2478"]
[BlackElo "2443"]
[PlyCount "65"]
[EventDate "2009.02.12"]
[EventType "tourn"]
[EventRounds "13"]
[EventCountry "BUL"]
[EventCategory "8"]
[Source "lmi"]
[SourceDate "2009.02.12"]

1. d4 f5 2. Nf3 Nf6 3. c4 g6 4. b4 Bg7 5. Bb2 O-O 6. g3 d6 7. Bg2 Qe8 8. O-O h6
9. Nbd2 g5 10. Qc2 Qh5 11. Rfe1 f4 12. e4 Bh3 13. e5 Ng4 14. exd6 exd6 15. Re7
Nc6 16. Rxc7 Bxg2 17. Kxg2 fxg3 18. d5 Nce5 19. hxg3 Nxf2 20. Bxe5 dxe5 21. Rf1
e4 22. Rxf2 exf3+ 23. Nxf3 Rf6 24. Qe4 g4 25. Nh4 Rxf2+ 26. Kxf2 Rf8+ 27. Kg2
Qg5 28. Qe6+ Kh7 29. Qe4+ Kg8 30. Re7 Qd2+ 31. Qe2 Qd4 32. Re4 Qf6 33. Rxg4 1-0

[Event "Bulgaria ch 2009"]
[Site "Blagoevgrad BUL"]
[Date "2009.02.15"]
[Round "5.6"]
[White "Kukov, Velislav"]
[Black "Berbatov, Kiprian"]
[Result "0-1"]
[WhiteElo "2373"]
[BlackElo "2392"]
[PlyCount "98"]
[EventDate "2009.02.12"]
[EventType "tourn"]
[EventRounds "13"]
[EventCountry "BUL"]
[EventCategory "8"]
[Source "lmi"]
[SourceDate "2009.02.12"]

1. Nf3 Nf6 2. d4 g6 3. c4 Bg7 4. Nc3 O-O 5. e4 d6 6. h3 Qe8 7. Be3 Na6 8. a3 e5
9. dxe5 dxe5 10. c5 b6 11. cxb6 axb6 12. Bc4 Bb7 13. Qe2 Qe7 14. O-O Nc5 15.
Bxc5 Qxc5 16. Rac1 c6 17. Rfd1 Bh6 18. Rc2 Qe7 19. Nh2 Rfd8 20. Rxd8+ Rxd8 21.
Ng4 Nxg4 22. Qxg4 b5 23. Bb3 Kg7 24. Qf3 Rd7 25. Re2 Ba6 26. Re1 b4 27. axb4
Rd3 28. Qg4 Qxb4 29. Ra1 Qxb3 30. Rxa6 Qxb2 31. Ne2 Rd1+ 32. Kh2 Rd2 33. Ra7
Qb6 34. Rd7 Rxd7 35. Qxd7 Qxf2 36. Qd3 Be3 37. Qc4 h5 38. Qd3 h4 39. Qc4 Kh6
40. Qd3 Kg5 41. Qc4 f6 42. Qd3 c5 43. Qc4 Qe1 44. Qd3 Bf2 45. g4 Bg3+ 46. Nxg3
Qf2+ 47. Kh1 hxg3 48. h4+ Kxh4 49. g5 Qh2# 0-1

[Event "Bulgaria ch 2009"]
[Site "Blagoevgrad BUL"]
[Date "2009.02.15"]
[Round "5.7"]
[White "Radulski, Julian"]
[Black "Petkov, Vladimir"]
[Result "1-0"]
[WhiteElo "2579"]
[BlackElo "2504"]
[PlyCount "69"]
[EventDate "2009.02.12"]
[EventType "tourn"]
[EventRounds "13"]
[EventCountry "BUL"]
[EventCategory "8"]
[Source "lmi"]
[SourceDate "2009.02.12"]

1. e4 e5 2. Nf3 Nc6 3. Bb5 Nf6 4. d3 d6 5. O-O Bd7 6. c3 g6 7. Re1 Bg7 8. Nbd2
O-O 9. Ba4 Qe8 10. Nc4 Nh5 11. Bb3 Kh8 12. d4 f6 13. h3 Nd8 14. g4 b5 15. Na5
Nf4 16. Bxf4 exf4 17. Qd2 Ne6 18. Rad1 Rd8 19. Kg2 h5 20. Bxe6 Qxe6 21. d5 Qf7
22. Qxf4 Kh7 23. Nd4 Bh6 24. Qf3 Rde8 25. Nac6 a6 26. Kf1 hxg4 27. hxg4 Qg7 28.
Qg3 Qf7 29. Kg2 Rh8 30. f4 f5 31. g5 Bg7 32. exf5 gxf5 33. Ne7 Rxe7 34. g6+
Qxg6 35. Rxe7 1-0

[Event "Bulgaria ch 2009"]
[Site "Blagoevgrad BUL"]
[Date "2009.02.16"]
[Round "6.1"]
[White "Pantev, Veselin"]
[Black "Petkov, Vladimir"]
[Result "1-0"]
[WhiteElo "2381"]
[BlackElo "2504"]
[PlyCount "81"]
[EventDate "2009.02.12"]
[EventType "tourn"]
[EventRounds "13"]
[EventCountry "BUL"]
[EventCategory "8"]
[Source "lmi"]
[SourceDate "2009.02.12"]

1. d4 Nf6 2. Nf3 g6 3. Bf4 Bg7 4. e3 d6 5. h3 O-O 6. Be2 c5 7. c3 b6 8. O-O Bb7
9. a4 Nc6 10. Bh2 Re8 11. d5 Na5 12. c4 e6 13. dxe6 Rxe6 14. Nc3 d5 15. Nb5 Ne8
16. cxd5 Qxd5 17. Nc3 Qd8 18. Qc2 Qf6 19. Rad1 Nd6 20. Nd2 Qf5 21. e4 Qg5 22.
Bg4 f5 23. Nf3 Qe7 24. Bxd6 Rxd6 25. exf5 h5 26. f6 Rxf6 27. Rfe1 Qf8 28. Be6+
Kh8 29. Bd5 Rd8 30. Bxb7 Nxb7 31. Ne4 Rxd1 32. Qxd1 Rf4 33. Neg5 Qd6 34. Re8+
Bf8 35. Qe1 Nd8 36. g3 Rf5 37. b3 Kg8 38. Kg2 Qd5 39. Rxd8 Qxd8 40. Qe6+ Kh8
41. Qxf5 1-0

[Event "Bulgaria ch 2009"]
[Site "Blagoevgrad BUL"]
[Date "2009.02.16"]
[Round "6.2"]
[White "Berbatov, Kiprian"]
[Black "Radulski, Julian"]
[Result "0-1"]
[WhiteElo "2392"]
[BlackElo "2579"]
[PlyCount "118"]
[EventDate "2009.02.12"]
[EventType "tourn"]
[EventRounds "13"]
[EventCountry "BUL"]
[EventCategory "8"]
[Source "lmi"]
[SourceDate "2009.02.12"]

1. e4 e5 2. Nf3 Nc6 3. Bb5 a6 4. Ba4 Nf6 5. O-O Be7 6. Re1 b5 7. Bb3 d6 8. c3
O-O 9. h3 Na5 10. Bc2 c5 11. d4 Qc7 12. Nbd2 Bb7 13. d5 Bc8 14. b3 Bd7 15. Nf1
Nb7 16. c4 Rfb8 17. Ng3 g6 18. Nh2 h5 19. Bd3 bxc4 20. bxc4 a5 21. Bd2 a4 22.
Rb1 Na5 23. Qc2 Bd8 24. Nhf1 Qc8 25. Ne2 h4 26. Nc3 Nh5 27. Ne3 Nf4 28. Bf1 Nb7
29. Rb2 Ba5 30. a3 Bc7 31. Reb1 Na5 32. Nxa4 Nb3 33. Rxb3 Rxb3 34. Qxb3 Bxa4
35. Qb2 Bd7 36. Kh2 f5 37. exf5 gxf5 38. Nc2 Ng6 39. Ne1 Qe8 40. Nf3 e4 41. Re1
Rb8 42. Qc3 Bd8 43. Bh6 Qf7 44. Ng5 Bf6 45. Qc1 Qe7 46. Kh1 Be5 47. Qd1 Bf4 48.
Qh5 Be8 49. Ne6 Ne5 50. Bg5 Bxg5 51. Qxg5+ Qxg5 52. Nxg5 Kg7 53. Ne6+ Kf6 54.
Nc7 Ba4 55. Nb5 Nd3 56. Rb1 Nxf2+ 57. Kg1 e3 58. Nc3 Rxb1 59. Nxb1 Ne4 0-1

[Event "Bulgaria ch 2009"]
[Site "Blagoevgrad BUL"]
[Date "2009.02.16"]
[Round "6.3"]
[White "Lilov, Valeri"]
[Black "Kukov, Velislav"]
[Result "1/2-1/2"]
[WhiteElo "2443"]
[BlackElo "2373"]
[PlyCount "63"]
[EventDate "2009.02.12"]
[EventType "tourn"]
[EventRounds "13"]
[EventCountry "BUL"]
[EventCategory "8"]
[Source "lmi"]
[SourceDate "2009.02.12"]

1. e4 c6 2. d4 d5 3. exd5 cxd5 4. Bd3 Nc6 5. c3 Qc7 6. h3 Nf6 7. Bg5 e5 8. dxe5
Nxe5 9. Nf3 Nxd3+ 10. Qxd3 Bc5 11. O-O Bxh3 12. gxh3 Qg3+ 13. Kh1 Qxh3+ 14. Kg1
Qg4+ 15. Kh1 Qh3+ 16. Kg1 Ne4 17. Ne5 Qf5 18. Qb5+ Kf8 19. Nd7+ Kg8 20. Nxc5
Qg4+ 21. Kh1 Qh3+ 22. Kg1 Nxg5 23. Nd2 Qg4+ 24. Kh1 Qh4+ 25. Kg2 Qg4+ 26. Kh1
Qh4+ 27. Kg2 Qg4+ 28. Kh1 Nf3 29. Nxf3 Qxf3+ 30. Kg1 Qg4+ 31. Kh2 Qh4+ 32. Kg2
1/2-1/2

[Event "Bulgaria ch 2009"]
[Site "Blagoevgrad BUL"]
[Date "2009.02.16"]
[Round "6.4"]
[White "Filev, Georgi"]
[Black "Nikolov, Momchil"]
[Result "0-1"]
[WhiteElo "2378"]
[BlackElo "2478"]
[PlyCount "106"]
[EventDate "2009.02.12"]
[EventType "tourn"]
[EventRounds "13"]
[EventCountry "BUL"]
[EventCategory "8"]
[Source "lmi"]
[SourceDate "2009.02.12"]

1. e4 c5 2. Nf3 e6 3. d4 cxd4 4. Nxd4 a6 5. Nc3 Qc7 6. Be2 Nf6 7. O-O Be7 8. f4
d6 9. Kh1 O-O 10. Qe1 b5 11. Bf3 Bb7 12. e5 Ne8 13. Bxb7 Qxb7 14. Qe4 Ra7 15.
Be3 b4 16. Qxb7 Rxb7 17. Ne4 dxe5 18. fxe5 Nc7 19. Rf2 Nd5 20. Bd2 Nd7 21. Nc6
Rb6 22. Nxe7+ Nxe7 23. c3 Nxe5 24. cxb4 Nd3 25. Re2 Nxb4 26. a3 Nbd5 27. b4 Rc8
28. Be3 Nxe3 29. Rxe3 Nd5 30. Rd3 Rc2 31. h3 h6 32. Rf1 Rbc6 33. Rdf3 f6 34.
Rd3 Kf7 35. Nc5 Rc3 36. Rd4 Rxa3 37. Nxe6 Kxe6 38. Re1+ Re3 39. Rxe3+ Nxe3 40.
Re4+ Kd5 41. Rxe3 Rb6 42. Re7 g6 43. Rh7 h5 44. Rg7 f5 45. Kg1 Kc4 46. Kf2 Kxb4
47. Ke2 a5 48. Kd2 Kb3 49. Kc1 a4 50. Kb1 Re6 51. Rb7+ Ka3 52. Rg7 Re1+ 53. Kc2
Re2+ 0-1

[Event "Bulgaria ch 2009"]
[Site "Blagoevgrad BUL"]
[Date "2009.02.16"]
[Round "6.5"]
[White "Rusev, Krasimir"]
[Black "Bojkov, Dejan"]
[Result "1/2-1/2"]
[WhiteElo "2546"]
[BlackElo "2477"]
[PlyCount "167"]
[EventDate "2009.02.12"]
[EventType "tourn"]
[EventRounds "13"]
[EventCountry "BUL"]
[EventCategory "8"]
[Source "lmi"]
[SourceDate "2009.02.12"]

1. d4 Nf6 2. c4 g6 3. Nc3 Bg7 4. e4 d6 5. f3 O-O 6. Be3 c5 7. Nge2 Qa5 8. Qd2
Nc6 9. d5 Ne5 10. Ng3 Qb4 11. a3 Qb3 12. Qd1 Qxd1+ 13. Rxd1 Nfd7 14. Kd2 Nb6
15. b3 e6 16. Kc2 exd5 17. exd5 f5 18. f4 Ng4 19. Bg1 Bh6 20. Nge2 Bd7 21. h3
Nf6 22. Be3 Rae8 23. Bd2 Na8 24. a4 Nc7 25. g3 Na6 26. Bg2 Nb4+ 27. Kb1 a6 28.
a5 Re7 29. Bf3 Rfe8 30. Nc1 Bg7 31. N3a2 Nxa2 32. Kxa2 Ne4 33. Bxe4 fxe4 34.
Ne2 e3 35. Bc1 Bf5 36. Bb2 Bf8 37. Rh2 b5 38. axb6 Rb7 39. Re1 Rxb6 40. g4 Bd7
41. Ng3 a5 42. Rhe2 a4 43. Rxe3 axb3+ 44. Kb1 Kf7 45. Rxe8 Bxe8 46. Bc3 b2 47.
Ne4 Ba4 48. Re2 h6 49. Rxb2 Rxb2+ 50. Kxb2 Bd1 51. g5 Bf3 52. Nd2 Be2 53. h4
hxg5 54. hxg5 Be7 55. Ba5 Ke8 56. Kb3 Bd1+ 57. Kc3 Be2 58. Kb3 Bd1+ 59. Ka3 Bf8
60. Bc3 Kd7 61. Nf1 Be2 62. Ne3 Bd3 63. Bf6 Bb1 64. Kb3 Be4 65. Kc3 Ke8 66. Kd2
Kf7 67. Kc1 Bd3 68. Kb2 Ke8 69. Kb3 Kd7 70. Ka4 Be4 71. Ka5 Bd3 72. Kb5 Be4 73.
Nf1 Bd3 74. Ng3 Ke8 75. Nh1 Kd7 76. Nf2 Bc2 77. Kb6 Bb3 78. Kb5 Bc2 79. Ng4 Bf5
80. Ne3 Bd3 81. Kb6 Be2 82. Kb5 Bd3 83. f5 Bxf5 84. Ka4 1/2-1/2

[Event "Bulgaria ch 2009"]
[Site "Blagoevgrad BUL"]
[Date "2009.02.16"]
[Round "6.6"]
[White "Enchev, Ivajlo"]
[Black "Arnaudov, G  Petar"]
[Result "1/2-1/2"]
[WhiteElo "2382"]
[BlackElo "2347"]
[PlyCount "82"]
[EventDate "2009.02.12"]
[EventType "tourn"]
[EventRounds "13"]
[EventCountry "BUL"]
[EventCategory "8"]
[Source "lmi"]
[SourceDate "2009.02.12"]

1. d4 Nf6 2. c4 e6 3. Nc3 Bb4 4. e3 O-O 5. Nge2 d5 6. a3 Be7 7. Nf4 Bd6 8. c5
Bxf4 9. exf4 b6 10. b4 bxc5 11. dxc5 a5 12. b5 d4 13. Ne2 d3 14. Nc3 Qd4 15.
Qxd3 Qxc5 16. Be2 Bb7 17. O-O Nbd7 18. a4 Qa7 19. Ba3 Rfe8 20. Rfd1 Rac8 21.
Qg3 e5 22. fxe5 Rxe5 23. Bf3 Rce8 24. h3 h6 25. h4 Bxf3 26. Qxf3 g6 27. Rf1 Qd4
28. Rad1 Qxh4 29. g3 Qc4 30. Bb2 Qb3 31. Ba1 Rf5 32. Qc6 Rc5 33. Qf3 Rf5 34.
Qc6 Ne5 35. Qxc7 Nf3+ 36. Kg2 Qb4 37. Qc6 Nh4+ 38. Kg1 Qg4 39. Nd5 Nf3+ 40. Kg2
Nh4+ 41. Kg1 Nf3+ 1/2-1/2

[Event "Bulgaria ch 2009"]
[Site "Blagoevgrad BUL"]
[Date "2009.02.16"]
[Round "6.7"]
[White "Chatalbashev, Boris"]
[Black "Vutov, M  Mario"]
[Result "1-0"]
[WhiteElo "2560"]
[BlackElo "2262"]
[PlyCount "69"]
[EventDate "2009.02.12"]
[EventType "tourn"]
[EventRounds "13"]
[EventCountry "BUL"]
[EventCategory "8"]
[Source "lmi"]
[SourceDate "2009.02.12"]

1. d4 Nf6 2. c4 g6 3. Nc3 Bg7 4. e4 d6 5. Bd3 O-O 6. Nge2 a6 7. O-O Nbd7 8. f4
c5 9. d5 b5 10. cxb5 Qb6 11. Kh1 axb5 12. Bxb5 Nxe4 13. a4 Ndf6 14. Bd2 Nxd2
15. Qxd2 Bd7 16. Rad1 Bxb5 17. axb5 c4 18. Nd4 Rfe8 19. f5 Qc5 20. fxg6 hxg6
21. Qf4 Rf8 22. Nc6 Rae8 23. Qh4 Qe3 24. Rde1 Qh6 25. Qxc4 Nh5 26. Qd3 Be5 27.
Nxe5 dxe5 28. Rxe5 Ng7 29. Re3 Nh5 30. b6 Qg5 31. Ne4 Qg4 32. b7 Rd8 33. Ref3
Ng7 34. d6 Qe6 35. b8=Q 1-0

[Event "Bulgaria ch 2009"]
[Site "Blagoevgrad BUL"]
[Date "2009.02.17"]
[Round "7.1"]
[White "Vutov, M  Mario"]
[Black "Pantev, Veselin"]
[Result "1/2-1/2"]
[WhiteElo "2262"]
[BlackElo "2381"]
[PlyCount "201"]
[EventDate "2009.02.12"]
[EventType "tourn"]
[EventRounds "13"]
[EventCountry "BUL"]
[EventCategory "8"]
[Source "lmi"]
[SourceDate "2009.02.12"]

1. e4 c6 2. d4 d5 3. Nc3 g6 4. Nf3 Bg7 5. Be2 dxe4 6. Nxe4 Nd7 7. O-O Ngf6 8.
Nxf6+ Nxf6 9. c3 O-O 10. Bg5 Qb6 11. Qc1 Bf5 12. Re1 Rfe8 13. Ne5 Nd7 14. Nc4
Qc7 15. Bf4 Qc8 16. Bf3 Nb6 17. Nxb6 axb6 18. Be5 Bg4 19. Qf4 Bxf3 20. Qxf3 Ra5
21. Bxg7 Kxg7 22. Re2 Qf5 23. Qxf5 Rxf5 24. Rae1 e6 25. Kf1 Ra8 26. a3 Rb5 27.
Rd2 Rd8 28. Ree2 Rbd5 29. Ke1 g5 30. f3 Kg6 31. a4 h5 32. b4 Kf5 33. Rb2 R8d7
34. Kf2 h4 35. Re4 Rd8 36. Rbe2 Kf6 37. Ra2 c5 38. dxc5 bxc5 39. a5 cxb4 40.
cxb4 Rc8 41. Rb2 Rb5 42. g3 hxg3+ 43. hxg3 Rc3 44. g4 Ra3 45. Rd2 Rb3 46. Rdd4
b6 47. axb6 Rxb6 48. Re3 R3xb4 49. Rxb4 Rxb4 50. Re2 Ke7 51. Re5 f6 52. Ra5 Rb7
53. Ra6 Kf7 54. Rc6 Rb2+ 55. Kg3 Rb7 56. Ra6 Rc7 57. Kf2 Ke7 58. Ke3 Kd7 59.
Rb6 Rc6 60. Rb3 Kd6 61. Ra3 Rc4 62. Rd3+ Ke5 63. Ra3 Rc5 64. Rb3 Ra5 65. Rc3
Ra4 66. Rb3 f5 67. gxf5 exf5 68. Rb5+ Kf6 69. Rb6+ Kf7 70. Kf2 Ra2+ 71. Kg3 Ra3
72. Kf2 Ra2+ 73. Kg3 Re2 74. Ra6 Re6 75. Ra5 Kf6 76. Rb5 Kg6 77. Ra5 Re2 78.
Rb5 Rd2 79. Ra5 Rd3 80. Kg2 Kf6 81. Rb5 Ke6 82. Ra5 Rd5 83. Ra4 Rd1 84. Ra5 Kf6
85. Rb5 Kg6 86. Ra5 Rd2+ 87. Kg3 Rd3 88. Kg2 Kf6 89. Rb5 Ke6 90. Ra5 Rd5 91.
Ra4 Ke5 92. Kg3 Rb5 93. Rc4 Rb3 94. Rc5+ Ke6 95. Kg2 Kf6 96. Ra5 Kg6 97. Rc5
Rb4 98. Ra5 g4 99. fxg4 Rxg4+ 100. Kf3 Rb4 101. Ra8 1/2-1/2

[Event "Bulgaria ch 2009"]
[Site "Blagoevgrad BUL"]
[Date "2009.02.17"]
[Round "7.2"]
[White "Arnaudov, G  Petar"]
[Black "Chatalbashev, Boris"]
[Result "0-1"]
[WhiteElo "2347"]
[BlackElo "2560"]
[PlyCount "108"]
[EventDate "2009.02.12"]
[EventType "tourn"]
[EventRounds "13"]
[EventCountry "BUL"]
[EventCategory "8"]
[Source "lmi"]
[SourceDate "2009.02.12"]

1. d4 d6 2. Nf3 Bg4 3. c4 Nd7 4. Nc3 g6 5. e4 Bxf3 6. Qxf3 Bg7 7. Qd1 c5 8. d5
Qa5 9. Bd2 Ngf6 10. Be2 O-O 11. O-O e6 12. Bf4 e5 13. Bg5 a6 14. a4 h5 15. Bd2
Kh7 16. Nb1 Qd8 17. Qc2 Bh6 18. a5 Bxd2 19. Nxd2 Kg7 20. Qc3 Qe7 21. Qg3 h4 22.
Qe3 Rh8 23. Rfb1 Rac8 24. b4 cxb4 25. Rxb4 Nc5 26. Bf3 Rc7 27. Rab1 Rf8 28. Bd1
Nfd7 29. Ba4 Nf6 30. Bd1 Qd8 31. h3 Re7 32. Ra1 Qc7 33. Bc2 Rh8 34. Bd1 Rb8 35.
Bc2 Ree8 36. Bd1 b6 37. axb6 Rxb6 38. Rxb6 Qxb6 39. Rb1 Qa5 40. Kh2 Qc7 41. Bc2
Rb8 42. Ra1 Rb2 43. Qc3 Qb6 44. f4 exf4 45. e5 dxe5 46. Nb3 Rxc2 47. Qxc2 Qxb3
48. Qxb3 Nxb3 49. Rxa6 e4 50. Rc6 e3 51. Kg1 Ne4 52. Kf1 Ng3+ 53. Ke1 Nd4 54.
Rc8 f3 0-1

[Event "Bulgaria ch 2009"]
[Site "Blagoevgrad BUL"]
[Date "2009.02.17"]
[Round "7.3"]
[White "Bojkov, Dejan"]
[Black "Enchev, Ivajlo"]
[Result "1-0"]
[WhiteElo "2477"]
[BlackElo "2382"]
[PlyCount "75"]
[EventDate "2009.02.12"]
[EventType "tourn"]
[EventRounds "13"]
[EventCountry "BUL"]
[EventCategory "8"]
[Source "lmi"]
[SourceDate "2009.02.12"]

1. e4 c6 2. c4 d5 3. cxd5 cxd5 4. exd5 Nf6 5. Nc3 Nxd5 6. Nf3 Nc6 7. Bb5 e6 8.
O-O Be7 9. d4 O-O 10. Re1 Qd6 11. a3 a6 12. Bd3 Nf6 13. Bg5 Rd8 14. Qc2 h6 15.
Be3 b5 16. Rad1 Bb7 17. Qe2 Rac8 18. Bb1 Bf8 19. Bc1 Ne7 20. Ne5 Ned5 21. Ne4
Qb6 22. Qf3 Rc7 23. Bxh6 gxh6 24. Nxf6+ Nxf6 25. Qxf6 Rxd4 26. Nxf7 Rxd1 27.
Qg6+ Bg7 28. Nxh6+ Kf8 29. Rxd1 Qd4 30. Qh5 Qe5 31. Rd8+ Ke7 32. Qe8+ Kf6 33.
Ng8+ Kg5 34. Qg6+ Kh4 35. g3+ Kh3 36. Qh7+ Kg4 37. h3+ Kf3 38. Qd3+ 1-0

[Event "Bulgaria ch 2009"]
[Site "Blagoevgrad BUL"]
[Date "2009.02.17"]
[Round "7.4"]
[White "Nikolov, Momchil"]
[Black "Rusev, Krasimir"]
[Result "1/2-1/2"]
[WhiteElo "2478"]
[BlackElo "2546"]
[PlyCount "67"]
[EventDate "2009.02.12"]
[EventType "tourn"]
[EventRounds "13"]
[EventCountry "BUL"]
[EventCategory "8"]
[Source "lmi"]
[SourceDate "2009.02.12"]

1. d4 d5 2. c4 c6 3. cxd5 cxd5 4. Nc3 Nf6 5. Nf3 Nc6 6. Bf4 Bf5 7. e3 e6 8. Bd3
Bxd3 9. Qxd3 Bd6 10. Bxd6 Qxd6 11. O-O O-O 12. Rac1 Rac8 13. Ne2 Ne4 14. a3 h6
15. Rc2 Rc7 16. Rfc1 Rfc8 17. Nc3 Nxc3 18. Rxc3 Ne7 19. h3 Rxc3 20. Rxc3 Rxc3
21. Qxc3 Qc6 22. Qxc6 Nxc6 23. Kf1 Kf8 24. Ke2 Ke7 25. Kd3 f6 26. b4 b5 27. Nd2
Nb8 28. Nb3 Nd7 29. Nc5 Nb6 30. Kc3 Nc4 31. Kb3 Nd2+ 32. Kc3 Nc4 33. Kb3 Nd2+
34. Kc3 1/2-1/2

[Event "Bulgaria ch 2009"]
[Site "Blagoevgrad BUL"]
[Date "2009.02.17"]
[Round "7.5"]
[White "Kukov, Velislav"]
[Black "Filev, Georgi"]
[Result "0-1"]
[WhiteElo "2373"]
[BlackElo "2378"]
[PlyCount "40"]
[EventDate "2009.02.12"]
[EventType "tourn"]
[EventRounds "13"]
[EventCountry "BUL"]
[EventCategory "8"]
[Source "lmi"]
[SourceDate "2009.02.12"]

1. c4 e5 2. Nc3 f5 3. d3 Nf6 4. Nf3 Nc6 5. g3 d6 6. Bg2 Be7 7. O-O O-O 8. Rb1
Qe8 9. b4 Qh5 10. a4 Nd8 11. a5 a6 12. Nd2 f4 13. Nd5 Nxd5 14. cxd5 Bh3 15. Re1
Bxg2 16. Kxg2 g5 17. b5 g4 18. Qa4 Qh3+ 19. Kh1 fxg3 20. Nf1 Rxf2 0-1

[Event "Bulgaria ch 2009"]
[Site "Blagoevgrad BUL"]
[Date "2009.02.17"]
[Round "7.6"]
[White "Radulski, Julian"]
[Black "Lilov, Valeri"]
[Result "1/2-1/2"]
[WhiteElo "2579"]
[BlackElo "2443"]
[PlyCount "140"]
[EventDate "2009.02.12"]
[EventType "tourn"]
[EventRounds "13"]
[EventCountry "BUL"]
[EventCategory "8"]
[Source "lmi"]
[SourceDate "2009.02.12"]

1. e4 e5 2. Nf3 Nc6 3. Bb5 a6 4. Ba4 Nf6 5. O-O b5 6. Bb3 Bc5 7. c3 d6 8. a4
Bg4 9. h3 Bh5 10. g4 Bg6 11. d4 Bb6 12. Bg5 Na5 13. Bc2 exd4 14. cxd4 b4 15.
Nbd2 h5 16. Nh4 Bxd4 17. Nc4 c5 18. Nxa5 Qxa5 19. Nxg6 fxg6 20. e5 Bxe5 21.
Bxg6+ Kd7 22. Re1 Kc7 23. Rc1 Rad8 24. gxh5 Bxb2 25. Rc2 Be5 26. Re3 Kb8 27.
Qe2 Rd7 28. Qf3 Qc7 29. h6 Qb7 30. Qf5 Nd5 31. Rxe5 dxe5 32. Rxc5 Ka7 33. Qxe5
Nf6 34. Rc1 b3 35. hxg7 Rxg7 36. Qxf6 Rhg8 37. Qd4+ Qb6 38. Qxb6+ Kxb6 39. Rb1
Rxg6 40. Rxb3+ Ka5 41. h4 Kxa4 42. Rb7 Rh8 43. Kf1 Rc6 44. Kg2 Rc5 45. Kg3 Rb5
46. Ra7 a5 47. Kg4 Kb3 48. h5 a4 49. h6 a3 50. h7 Rb6 51. Bf4 Rb4 52. Kg5 a2
53. Bd6 Ra4 54. Rxa4 Kxa4 55. Be5 Rxh7 56. f4 Rb7 57. f5 Ka3 58. Kg6 Rb5 59.
Ba1 Rb1 60. Be5 Rg1+ 61. Kh6 Rf1 62. f6 Kb4 63. Kg7 Rg1+ 64. Kh7 Rf1 65. Kg7
Kc5 66. f7 Kd5 67. Bc3 Rg1+ 68. Kf6 Kc4 69. Be5 Kd5 70. Bc3 Kc4 1/2-1/2

[Event "Bulgaria ch 2009"]
[Site "Blagoevgrad BUL"]
[Date "2009.02.17"]
[Round "7.7"]
[White "Petkov, Vladimir"]
[Black "Berbatov, Kiprian"]
[Result "0-1"]
[WhiteElo "2504"]
[BlackElo "2392"]
[PlyCount "134"]
[EventDate "2009.02.12"]
[EventType "tourn"]
[EventRounds "13"]
[EventCountry "BUL"]
[EventCategory "8"]
[Source "lmi"]
[SourceDate "2009.02.12"]

1. d4 Nf6 2. c4 g6 3. Nc3 Bg7 4. e4 d6 5. Nf3 O-O 6. Be2 e5 7. O-O Nc6 8. d5
Ne7 9. Ne1 Nd7 10. Nd3 f5 11. Bd2 Nf6 12. f3 f4 13. Rc1 g5 14. g4 h5 15. h3 Ng6
16. Be1 Rf7 17. Kg2 Bf8 18. Rh1 Nh4+ 19. Bxh4 gxh4 20. Nf2 Rg7 21. Kf1 Bd7 22.
a3 Qb8 23. Nd3 a5 24. Qe1 Be7 25. Qf2 a4 26. c5 Be8 27. Na2 c6 28. dxc6 bxc6
29. cxd6 Qxd6 30. Nab4 Rd8 31. Qc5 Qxc5 32. Nxc5 Bxc5 33. Rxc5 Rd2 34. Rc2 Rxc2
35. Nxc2 Rb7 36. Bc4+ Bf7 37. Bxf7+ Kxf7 38. Nb4 c5 39. Nd3 Nd7 40. Ke2 Rb3 41.
Rc1 hxg4 42. fxg4 Nf6 43. Rc4 f3+ 44. Kd2 f2 45. Nxf2 Rxb2+ 46. Ke1 Kg6 47.
Rxa4 Kg5 48. Rc4 Ra2 49. Rxc5 Kf4 50. Rc6 Nxe4 51. Nxe4 Kxe4 52. Rc3 Kf4 53.
Kd1 e4 54. Rb3 e3 55. Rb7 Rxa3 56. Rf7+ Kg3 57. g5 Kxh3 58. g6 Ra6 59. g7 Rg6
60. Ke2 Kg2 61. Kxe3 h3 62. Rf2+ Kg1 63. Rb2 h2 64. Rb1+ Kg2 65. Rb2+ Kg3 66.
Rb1 Rxg7 67. Ke4 Rh7 0-1

[Event "Bulgaria ch 2009"]
[Site "Blagoevgrad BUL"]
[Date "2009.02.18"]
[Round "8.1"]
[White "Pantev, Veselin"]
[Black "Berbatov, Kiprian"]
[Result "0-1"]
[WhiteElo "2381"]
[BlackElo "2392"]
[PlyCount "110"]
[EventDate "2009.02.12"]
[EventType "tourn"]
[EventRounds "13"]
[EventCountry "BUL"]
[EventCategory "8"]
[Source "lmi"]
[SourceDate "2009.02.12"]

1. d4 Nf6 2. Nf3 g6 3. c4 Bg7 4. Nc3 O-O 5. h3 d6 6. Bf4 Nfd7 7. e4 e5 8. Be3
Na6 9. Be2 f5 10. exf5 gxf5 11. dxe5 dxe5 12. Bg5 Qe8 13. g4 h6 14. Bc1 e4 15.
Nh4 Ndc5 16. Nxf5 Bxf5 17. gxf5 Rd8 18. Nd5 c6 19. f6 Bxf6 20. Qd2 Bg5 21. Rg1
Kh7 22. Rxg5 Nd3+ 23. Kd1 Nxf2+ 24. Kc2 hxg5 25. Qxg5 Rd6 26. Qh4+ Kg7 27. Be3
Rg6 28. Bd4+ Kf7 29. Qh7+ Ke6 30. Nc7+ Nxc7 31. Qxc7 Rf3 32. c5 Qd7 33. Qxd7+
Kxd7 34. Rf1 Rg2 35. Kd2 Ke6 36. Bc4+ Ke7 37. Be2 Rf7 38. h4 Ng4 39. Rh1 Rf5
40. Ke1 Rd5 41. Bc3 Nh6 42. h5 Nf5 43. h6 Ng3 44. Bf1 Nxh1 45. Bxg2 Rh5 46. h7
Rxh7 47. Bxe4 Rh6 48. Bf5 Ng3 49. Bc8 Rh1+ 50. Kf2 Ne4+ 51. Kg2 Ra1 52. Bd4
Rxa2 53. Bxb7 Kd7 54. Kf3 Nd2+ 55. Kf4 Nb3 0-1